000 00706nam a22002057a 4500
999 _c18477
_d18477
003 AR-CdUCM
008 190514b ||||| |||| 00| 0 spa d
040 _aMUNICIPALIDAD PROVINCIAL DEL CUSCO
_cBIBLIOTECA MUNICIPAL DEL CUSCO
082 _a972.324 /
_bG37 / 1948
100 _aGesell, Arnold
_939088
245 _aLa educación del niño en la cultura moderna /
260 _aBuenos Aires :
_bNova,
_c1948.
300 _a468 paginas ;
_c20 cm.
505 _aContenido: Crecimiento y cultura -- El crecimiento del niño -- La dirección del crecimiento
650 _aCrecimiento
_96856
650 _aCiencia
_92098
700 _aMunist, Luis
_939089
942 _2ddc
_cLIBROS
945 _apjha
_d2019-05-14